000 00768nam a2200205 a 4500
003 0
005 20250411090820.0
008 060802s19uu xx 00 eng d
050 _aPHS LB 3060.32
_b.R96 2006
100 _aRyon, Jessica Lumbao.
245 _aA comparative study on the academic performance between students in public and in private high schools /
_cJessica Lumbao Ryon.
260 _aLas PiƱas City, Philippines :
_bSouthville International School and Colleges,
_c2006.
300 _a30 pages :
_billustrations ;
_c28 cm.
504 _aIncludes bibliographical references.
650 _aAcademic achievement.
650 _aPublic schools
_xStudents.
650 _aPrivate schools
_xStudents.
650 _aComparative education.
942 _2lcc
_cPASS
999 _c97660
_d97660